Visual nursing : (Record no. 18493)
[ view plain ]
| 000 -LEADER | |
|---|---|
| fixed length control field | 01294cam a2200313 a 4500 |
| 001 - CONTROL NUMBER | |
| control field | 16801355 |
| 005 - DATE AND TIME OF LATEST TRANSACTION | |
| control field | 20150414131349.0 |
| 008 - FIXED-LENGTH DATA ELEMENTS--GENERAL INFORMATION | |
| fixed length control field | 110526t2012 paua frb 001 0 eng d |
| 010 ## - LIBRARY OF CONGRESS CONTROL NUMBER | |
| LC control number | 2011022700 |
| 020 ## - INTERNATIONAL STANDARD BOOK NUMBER | |
| International Standard Book Number | 9781609136505 (alk. paper) |
| 020 ## - INTERNATIONAL STANDARD BOOK NUMBER | |
| International Standard Book Number | 1609136500 |
| 040 ## - CATALOGING SOURCE | |
| Original cataloging agency | DNLM/DLC |
| Transcribing agency | DLC |
| Modifying agency | DLC |
| -- | EG-ScBUE |
| 082 00 - DEWEY DECIMAL CLASSIFICATION NUMBER | |
| Classification number | 610.730223 |
| Edition number | 22 |
| Item number | VIS |
| 245 00 - TITLE STATEMENT | |
| Title | Visual nursing : |
| Remainder of title | a guide to diseases, skills and treatments. |
| 246 34 - VARYING FORM OF TITLE | |
| Title proper/short title | Lippincott's visual nursing |
| 250 ## - EDITION STATEMENT | |
| Edition statement | 2nd ed. |
| 260 ## - PUBLICATION, DISTRIBUTION, ETC. (IMPRINT) | |
| Place of publication, distribution, etc | Philadelphia : |
| Name of publisher, distributor, etc | Wolters Kluwer Health / Lippincott Williams & Wilkins, |
| Date of publication, distribution, etc | c.2012. |
| 300 ## - PHYSICAL DESCRIPTION | |
| Extent | ix, 502 p. : |
| Other physical details | ill. (col.) ; |
| Dimensions | 26 cm. |
| 500 ## - GENERAL NOTE | |
| General note | Index : p. 486-502. |
| 504 ## - BIBLIOGRAPHY, ETC. NOTE | |
| Bibliography, etc | Bibliography : p. 483-485. |
| 505 0# - FORMATTED CONTENTS NOTE | |
| Formatted contents note | Basic assessment skills-Cardiovascular care-Respiratory care-Neurologic care-Gastrointestinal care-Musculoskeletal care-Renal and urologic care-Hematologic and immunologic care-Endocrine care-Integumentary care-Female reproductive care-Male reproductive care. |
| 650 #0 - SUBJECT ADDED ENTRY--TOPICAL TERM | |
| Topical term or geographic name as entry element | Nursing |
| Form subdivision | Atlases. |
| 9 (RLIN) | 12329 |
| 650 12 - SUBJECT ADDED ENTRY--TOPICAL TERM | |
| Topical term or geographic name as entry element | Nursing Care |
| Form subdivision | Atlases. |
| 9 (RLIN) | 36311 |
| 650 20 - SUBJECT ADDED ENTRY--TOPICAL TERM | |
| Topical term or geographic name as entry element | Nursing Assessment |
| Form subdivision | Atlases. |
| 9 (RLIN) | 36312 |
| 653 ## - INDEX TERM--UNCONTROLLED | |
| Resource For college | Nursing |
| Arrived date list | October2014 |
| -- | April2015 |
| 655 ## - INDEX TERM--GENRE/FORM | |
| Form subdivision | |
| -- | 34232 |
| 710 2# - ADDED ENTRY--CORPORATE NAME | |
| Corporate name or jurisdiction name as entry element | Lippincott Williams & Wilkins |
| 9 (RLIN) | 36313 |
| 942 ## - ADDED ENTRY ELEMENTS (KOHA) | |
| Source of classification or shelving scheme | Dewey Decimal Classification |
| Call number prefix | 610.730223 VIS |
| Withdrawn status | Item status | Source of classification or shelving scheme | Damaged status | Not for loan | Vendor | Home library | Current library | Shelving location | Date acquired | Source of acquisition | Cost, normal purchase price | Serial Enumeration / chronology | Total Checkouts | Total Renewals | Full call number | Barcode | Date last seen | Date last borrowed | Cost, replacement price | Koha item type |
|---|---|---|---|---|---|---|---|---|---|---|---|---|---|---|---|---|---|---|---|---|
| Dewey Decimal Classification | Baccah | Central Library | Central Library | First floor | 23/10/2014 | 287.00 | 20526 | 1 | 4 | 610.730223 VIS | 000036776 | 15/07/2025 | 04/12/2017 | 358.75 | Book - Borrowing | |||||
| Dewey Decimal Classification | Baccah | Central Library | Central Library | First floor | 14/04/2015 | 287.00 | 21925 | 4 | 7 | 610.730223 VIS | 000037996 | 15/07/2025 | 25/09/2022 | 358.75 | Book - Borrowing | |||||
| Dewey Decimal Classification | Baccah | Central Library | Central Library | First floor | 14/04/2015 | 287.00 | 21925 | 1 | 24 | 610.730223 VIS | 000037997 | 15/07/2025 | 13/07/2015 | 358.75 | Book - Borrowing |